Thống kê hóa học và tin học trong hóa học

Quyển sách giới thiệu khái quát về thống kê hóa học, các phương pháp thống kê hóa học và tin học trong hóa học. Các chương trình chuyên dụng để thống kê trong lĩnh vực hoá học và tin học.

Sparad:
Bibliografiska uppgifter
Huvudupphovsman: Huỳnh, Kim Liên
Materialtyp: Bok
Språk:Undetermined
Publicerad: Cần Thơ Trường Đại học Cần Thơ 2006
Ämnen:
Taggar: Lägg till en tagg
Inga taggar, Lägg till första taggen!
Thư viện lưu trữ: Trung tâm Học liệu Trường Đại học Cần Thơ
LEADER 00992nam a2200229Ia 4500
001 CTU_126824
008 210402s9999 xx 000 0 und d
082 |a 540.72 
082 |b L305 
100 |a Huỳnh, Kim Liên 
245 0 |a Thống kê hóa học và tin học trong hóa học 
245 0 |c Huỳnh Kim Liên, Hoàng Hải Yến 
260 |a Cần Thơ 
260 |b Trường Đại học Cần Thơ 
260 |c 2006 
520 |a Quyển sách giới thiệu khái quát về thống kê hóa học, các phương pháp thống kê hóa học và tin học trong hóa học. Các chương trình chuyên dụng để thống kê trong lĩnh vực hoá học và tin học. 
526 |a Tin học ứng dụng trong hóa học 
526 |b TN313 
650 |a Chemistry 
650 |x Computer programs,outlines, syllabi, etc. 
904 |i Năm 
980 |a Trung tâm Học liệu Trường Đại học Cần Thơ